| 000 | 00466nam a2200181Ia 4500 | ||
|---|---|---|---|
| 008 | 151018s9999 xx 000 0 und d | ||
| 082 |
_bRBASDV6008 _a824 |
||
| 100 | _aHume David | ||
| 245 | _aDavid Humes political Essays | ||
| 250 | _b1 | ||
| 260 |
_bThe Liberal Art Press _c1953 |
||
| 300 | _a166 | ||
| 600 | _aHume David | ||
| 630 | _aDavid Humes political Essays | ||
| 700 | _aHume David | ||
| 730 | _aDavid Humes political Essays | ||
| 942 | _cBOOK | ||
| 999 |
_c1008387 _d1008384 |
||